[Event "BL 0809 Solinger SG - SC Kreuzberg"]
[Site "?"]
[Date "2009.02.28"]
[Round "12.4"]
[White "Smeets, Jan"]
[Black "Schilow, Vladimir"]
[Result "1-0"]
[WhiteElo "2604"]
[BlackElo "2410"]
[PlyCount "73"]
[EventDate "2009.??.??"]

1. e4 e6 2. d4 d5 3. e5 c5 4. c3 Nc6 5. Nf3 Qb6 6. a3 Nh6 7. b4 cxd4 8. cxd4
Nf5 9. Bb2 Be7 10. Bd3 a5 11. b5 Ncxd4 12. Nxd4 Nxd4 13. Nc3 Nf5 14. Bxf5 exf5
15. Nxd5 Qd8 16. b6 O-O 17. Nc7 Rb8 18. Qb3 Bd7 19. O-O Bc6 20. Rad1 Qc8 21. e6
a4 22. Qa2 f4 23. Rfe1 Kh8 24. Qa1 f6 25. f3 Rd8 26. Qc1 Rd6 27. Rxd6 Bxd6 28.
e7 Qg8 29. Qxc6 bxc6 30. e8=Q Rxb6 31. Bd4 Rb8 32. Qxc6 Bxa3 33. Qxa4 Bd6 34.
Qc6 Bb4 35. Re8 Rxe8 36. Qxe8 Qxe8 37. Nxe8 1-0

[Event "BL 0809 Solinger SG - SC Kreuzberg"]
[Site "?"]
[Date "2009.02.28"]
[Round "12.6"]
[White "Buhmann, Rainer"]
[Black "Kalinitschew, Sergey"]
[Result "1/2-1/2"]
[WhiteElo "2541"]
[BlackElo "2492"]
[PlyCount "60"]
[EventDate "2009.??.??"]

1. Nf3 c5 2. c4 Nf6 3. Nc3 d5 4. cxd5 Nxd5 5. d4 Nxc3 6. bxc3 g6 7. e3 Bg7 8.
Bb5+ Bd7 9. Rb1 O-O 10. O-O Qc7 11. h3 Bxb5 12. Rxb5 Nd7 13. Qe2 a6 14. Rb1 b5
15. a4 bxa4 16. Qa2 e5 17. d5 e4 18. Nd2 Rfe8 19. Nc4 Bxc3 20. Qxa4 Bb4 21. Bb2
Nb6 22. Nxb6 Qxb6 23. Ba1 Qd6 24. Qa2 Ra7 25. f3 Rae7 26. fxe4 Rxe4 27. Rf6 Qg3
28. Rf3 Qd6 29. Rf6 Qg3 30. Rf3 Qd6 1/2-1/2

[Event "BL 0809 Solinger SG - SC Kreuzberg"]
[Site "?"]
[Date "2009.02.28"]
[Round "12.7"]
[White "Tischbierek, Raj"]
[Black "Ernst, Sipke"]
[Result "0-1"]
[WhiteElo "2459"]
[BlackElo "2576"]
[PlyCount "69"]
[EventDate "2009.??.??"]

1. e4 e5 2. Bc4 Nf6 3. d3 Nc6 4. Nc3 Bb4 5. Nf3 d5 6. exd5 Nxd5 7. O-O Bxc3 8.
bxc3 Bg4 9. d4 O-O 10. dxe5 Nb6 11. Be2 Qxd1 12. Bxd1 Rfe8 13. h3 Be6 14. a4
Rad8 15. Bf4 Rd5 16. Re1 h6 17. Be2 a6 18. Bd3 Rc5 19. Reb1 Bc8 20. Nd2 Nxe5
21. Re1 Bd7 22. Ne4 Rc6 23. Be3 Nd5 24. Bd4 Nxd3 25. cxd3 Rg6 26. g3 b6 27. a5
c5 28. Be3 f5 29. Nd2 f4 30. Bxf4 Rxe1+ 31. Rxe1 Nxf4 32. axb6 Nxh3+ 33. Kg2
Rxb6 34. Re7 Rb7 35. Ne4 0-1

[Event "BL 0809 Solinger SG - SC Kreuzberg"]
[Site "?"]
[Date "2009.02.28"]
[Round "12.8"]
[White "Hoffmann, Michael"]
[Black "Berger, Steve"]
[Result "1-0"]
[WhiteElo "2469"]
[BlackElo "2413"]
[PlyCount "62"]
[EventDate "2009.??.??"]

1. d4 e6 2. c4 Nf6 3. g3 d5 4. Nf3 Bb4+ 5. Bd2 Be7 6. Bg2 O-O 7. O-O dxc4 8.
Qc2 a6 9. Qxc4 b5 10. Qc2 Bb7 11. Rc1 Bd6 12. Bg5 Nbd7 13. Bxf6 Nxf6 14. Nbd2
Rc8 15. Nb3 Be4 16. Qc3 Nd5 17. Qa5 Bb4 18. Qxa6 c6 19. Ne5 Bxg2 20. Kxg2 Ne7
21. e4 Qe8 22. a4 f6 23. Nd3 Ra8 24. Qb7 Bd6 25. Nbc5 Bxc5 26. Nxc5 bxa4 27.
Nxe6 Rb8 28. Qc7 Rf7 29. Rxa4 c5 30. Rxc5 Rc8 31. Qd6 h5 1-0

[Event "BL 0809 SV Wattenscheid - USV TU Dresde"]
[Site "?"]
[Date "2009.02.28"]
[Round "12.1"]
[White "Maiwald, Jens-Uwe"]
[Black "Macieja, Bartlomiej"]
[Result "0-1"]
[WhiteElo "2508"]
[BlackElo "2600"]
[PlyCount "100"]
[EventDate "2009.??.??"]

1. d4 Nf6 2. c4 e6 3. Nf3 b6 4. a3 Bb7 5. Nc3 d5 6. Bg5 Be7 7. Bxf6 Bxf6 8.
cxd5 exd5 9. Qa4+ Qd7 10. Qxd7+ Nxd7 11. g3 Nf8 12. Bg2 Ne6 13. e3 Ke7 14. O-O
Rac8 15. Rad1 Rhd8 16. Rfe1 c5 17. Ne5 g5 18. f4 gxf4 19. exf4 cxd4 20. Nb5
Bxe5 21. Rxe5 Kf6 22. Bh3 Rc5 23. Nxd4 Nxd4 24. Rxd4 Rc2 25. g4 h6 26. b4 Rc4
27. Rf5+ Kg7 28. Rd2 d4 29. Bg2 Rc1+ 30. Kf2 Bxg2 31. Kxg2 Rc3 32. a4 Rc4 33.
Rb5 d3 34. Kf3 Rdd4 35. a5 Rxf4+ 36. Ke3 Rxb4 37. axb6 Rxb5 38. Kxf4 Rxb6 39.
Rxd3 a5 40. Ra3 Rb4+ 41. Kf5 a4 42. h3 Rb5+ 43. Ke4 Ra5 44. Kf4 Kg6 45. Ke4 Kg5
46. Kf3 h5 47. gxh5 Kxh5 48. Kf4 Kh4 49. Ke4 f6 50. Kf4 f5 0-1

[Event "BL 0809 SV Wattenscheid - USV TU Dresde"]
[Site "?"]
[Date "2009.02.28"]
[Round "12.2"]
[White "Rustemov, Alexander"]
[Black "Roos, Michael"]
[Result "1-0"]
[WhiteElo "2520"]
[BlackElo "2367"]
[PlyCount "57"]
[EventDate "2009.??.??"]

1. d4 Nf6 2. Nf3 g6 3. c4 Bg7 4. Nc3 O-O 5. e4 d6 6. Be2 e5 7. O-O Na6 8. Re1
c6 9. Bf1 Bg4 10. d5 c5 11. Be2 Kh8 12. Bg5 Rg8 13. Nxe5 dxe5 14. Bxg4 h6 15.
Be3 Ne8 16. a3 Nd6 17. Qd3 Qh4 18. f3 f5 19. Bf2 Qf6 20. Bh3 Raf8 21. Re2 Rf7
22. Rae1 b6 23. exf5 gxf5 24. Rxe5 Qxe5 25. Rxe5 Bxe5 26. Qe3 Re8 27. Qxh6+ Rh7
28. Qc1 Nc7 29. Ne2 1-0

[Event "BL 0809 SV Wattenscheid - USV TU Dresde"]
[Site "?"]
[Date "2009.02.28"]
[Round "12.3"]
[White "Gauglitz, Gernot"]
[Black "Appel, Ralf"]
[Result "0-1"]
[WhiteElo "2397"]
[BlackElo "2541"]
[PlyCount "58"]
[EventDate "2009.??.??"]

1. d4 Nf6 2. Nf3 e6 3. c4 Bb4+ 4. Bd2 a5 5. Nc3 b6 6. Rc1 Bb7 7. e3 O-O 8. Bd3
d6 9. Qc2 Nbd7 10. e4 e5 11. d5 h6 12. h3 Nh5 13. g3 Nc5 14. Be2 Nf6 15. Bd3
Nfd7 16. g4 Nxd3+ 17. Qxd3 Nc5 18. Qe2 c6 19. dxc6 Bxc6 20. Nd5 b5 21. O-O bxc4
22. Bxb4 axb4 23. Qxc4 Bxd5 24. Qxd5 Ne6 25. Qb3 Qf6 26. Rfd1 Nc5 27. Rxc5 dxc5
28. Rd5 c4 29. Qe3 Qf4 0-1

[Event "BL 0809 SV Wattenscheid - USV TU Dresde"]
[Site "?"]
[Date "2009.02.28"]
[Round "12.5"]
[White "Eichner, Sebastian"]
[Black "Dinstuhl, Volkmar Dr"]
[Result "1-0"]
[WhiteElo "2326"]
[BlackElo "2436"]
[PlyCount "35"]
[EventDate "2009.??.??"]

1. Nf3 c5 2. c4 g6 3. e4 Bg7 4. d4 Qa5+ 5. Nc3 d6 6. dxc5 dxc5 7. Bd2 Nc6 8.
Nd5 Qd8 9. Bf4 e5 10. Be3 Nd4 11. Bd3 Nf6 12. Bg5 Bg4 13. Qa4+ Bd7 14. Qa3
Nxf3+ 15. gxf3 b6 16. Bc2 Nxd5 17. Bxd8 Nb4 18. O-O-O 1-0

[Event "BL 0809 SV Wattenscheid - USV TU Dresde"]
[Site "?"]
[Date "2009.02.28"]
[Round "12.6"]
[White "Tereick, Benjamin"]
[Black "Loxine, Jakow"]
[Result "1/2-1/2"]
[WhiteElo "2356"]
[BlackElo "2338"]
[PlyCount "135"]
[EventDate "2009.??.??"]

1. Nf3 Nf6 2. g3 g6 3. b3 d6 4. d4 Bg7 5. Bb2 O-O 6. Bg2 Bg4 7. h3 Bf5 8. c4
Qc8 9. Nc3 c6 10. g4 Bd7 11. Rc1 Re8 12. e3 Na6 13. O-O h5 14. g5 Nh7 15. Kh2
Qc7 16. d5 e6 17. Qd2 exd5 18. cxd5 c5 19. h4 Bg4 20. Ng1 Qe7 21. Ne4 Rad8 22.
Bxg7 Kxg7 23. Rfe1 Bc8 24. f4 b5 25. a3 b4 26. a4 Nc7 27. Qb2+ Kg8 28. Nd2 Ba6
29. Nc4 Bxc4 30. Rxc4 Qf8 31. Rcc1 Qg7 32. Qc2 Nf8 33. Rcd1 Nd7 34. Nf3 Nb6 35.
e4 a5 36. Nd2 Qc3 37. Qxc3 bxc3 38. Nc4 Nxc4 39. bxc4 Rb8 40. Rc1 Rb4 41. Rxc3
Rxa4 42. e5 Rd8 43. exd6 Ne8 44. d7 Nd6 45. Bh3 Kf8 46. Rb1 Rb4 47. Ra1 a4 48.
Rca3 Nxc4 49. Rxa4 Rxa4 50. Rxa4 Nb6 51. Ra5 Nxd5 52. f5 gxf5 53. Bxf5 Nb6 54.
Rxc5 Nxd7 55. Rc6 Ne5 56. Rh6 Ng4+ 57. Bxg4 Rd2+ 58. Kg3 hxg4 59. Kxg4 Kg7 60.
Ra6 Rd4+ 61. Kh5 Rb4 62. Ra1 Rc4 63. Rg1 Ra4 64. Rg4 Rxg4 65. Kxg4 f6 66. Kf5
fxg5 67. hxg5 Kf7 68. g6+ 1/2-1/2

[Event "BL 0809 SV Wattenscheid - USV TU Dresde"]
[Site "?"]
[Date "2009.02.28"]
[Round "12.7"]
[White "Graf, Felix"]
[Black "Straeter, Timo"]
[Result "1/2-1/2"]
[WhiteElo "2287"]
[BlackElo "2303"]
[PlyCount "101"]
[EventDate "2009.??.??"]

1. d4 d5 2. c4 e6 3. Nc3 Nf6 4. cxd5 exd5 5. Bg5 c6 6. e3 Be7 7. Qc2 Nbd7 8.
Bd3 Nh5 9. Bxe7 Qxe7 10. O-O-O Nb6 11. Kb1 g6 12. h3 Be6 13. Nge2 O-O-O 14. Nc1
Ng7 15. f3 Kb8 16. Rhe1 Rhe8 17. g4 h5 18. Nb3 hxg4 19. hxg4 Bc8 20. Nc5 Ne6
21. b4 Nc7 22. Rc1 Nc4 23. Bxc4 dxc4 24. a3 f5 25. gxf5 gxf5 26. Rcd1 f4 27. e4
Nb5 28. Nxb5 cxb5 29. e5 b6 30. Ne4 Bf5 31. Kb2 Rg8 32. Qc1 Bxe4 33. Rxe4 a5
34. Qc3 Rg2+ 35. Rd2 axb4 36. axb4 Rg1 37. Rde2 Kb7 38. Re1 Rg2+ 39. R1e2 Rg1
40. Re1 Rg2+ 41. R4e2 Rxe2+ 42. Rxe2 Ra8 43. d5 Qh7 44. e6 Qg6 45. Rh2 Ra4 46.
Rc2 Qg1 47. Rc1 Qf2+ 48. Rc2 Qf1 49. Rc1 Qe2+ 50. Rc2 Qd1 51. Rc1 1/2-1/2

[Event "BL 0809 SV Wattenscheid - USV TU Dresde"]
[Site "?"]
[Date "2009.02.28"]
[Round "12.8"]
[White "Kuipers, Stefan"]
[Black "Rybenko, Kseniya"]
[Result "1-0"]
[WhiteElo "2292"]
[BlackElo "2243"]
[PlyCount "85"]
[EventDate "2009.??.??"]

1. e4 c5 2. Nf3 Nc6 3. Bb5 g6 4. Bxc6 dxc6 5. d3 Bg7 6. h3 e5 7. Be3 Qe7 8. Nc3
Nf6 9. Qd2 O-O 10. Bh6 b5 11. Bxg7 Kxg7 12. Qe3 a5 13. a4 c4 14. axb5 cxb5 15.
dxc4 bxc4 16. O-O Bb7 17. Ra4 Rfc8 18. Nd2 Qc5 19. Qe2 Rd8 20. Re1 Ba6 21. Rea1
Qb6 22. R1a2 Bb5 23. Nxc4 Bxc4 24. Rxc4 Rd4 25. Rxd4 exd4 26. Nd5 Qe6 27. c4
dxc3 28. Nxc3 Qe5 29. Ra4 Rb8 30. f4 Qxf4 31. e5 Qc1+ 32. Kh2 Nh5 33. e6 Rxb2
34. Qe5+ f6 35. Qc7+ Kh6 36. Rc4 Qe3 37. Nd1 Qxe6 38. Nxb2 g5 39. Nd3 Qe3 40.
Qd6 Kg6 41. Rc5 Ng7 42. Ne5+ Kh5 43. Qd1+ 1-0

[Event "BL 0809 SC Eppingen - Werder Bremen"]
[Site "?"]
[Date "2009.02.28"]
[Round "12.2"]
[White "Berkes, Ferenc"]
[Black "Eljanov, Pavel"]
[Result "1-0"]
[WhiteElo "2645"]
[BlackElo "2720"]
[PlyCount "251"]
[EventDate "2009.??.??"]

1. d4 Nf6 2. Nf3 e6 3. c4 d5 4. Nc3 Bb4 5. Bg5 Nbd7 6. cxd5 exd5 7. Rc1 h6 8.
Bxf6 Qxf6 9. e3 c6 10. Bd3 Nb6 11. O-O Bg4 12. h3 Bxf3 13. Qxf3 Qxf3 14. gxf3
O-O-O 15. Kg2 Kb8 16. f4 Be7 17. Ne2 Nc8 18. f5 g6 19. fxg6 fxg6 20. Nf4 Rhg8
21. Nxg6 Rd6 22. Kf3 Rgxg6 23. Bxg6 Rxg6 24. Rg1 Rf6+ 25. Ke2 Nd6 26. Rg8+ Kc7
27. Rcg1 Nf5 28. R1g4 Bd6 29. Rh8 Rf7 30. Rgg8 a5 31. a4 Kb6 32. Rd8 c5 33.
Rxh6 Kc7 34. Rhh8 cxd4 35. Rc8+ Kb6 36. h4 dxe3 37. fxe3 Be5 38. Rhe8 Bg3 39.
h5 Nd6 40. Re6 Rf2+ 41. Kd1 Rh2 42. Rg8 Rh3 43. h6 Kc5 44. Ke2 Bh2 45. Kf1 Kb4
46. Kg2 Rh5 47. Rg7 b6 48. Kf3 Rh3+ 49. Kg4 Rg3+ 50. Kh5 Rh3+ 51. Kg6 Nc4 52.
Rge7 Kxa4 53. h7 Kb3 54. Kg7 Rxh7+ 55. Kxh7 Kxb2 56. Rc6 Bd6 57. Rb7 Bb4 58. e4
Kb3 59. exd5 a4 60. Rg7 a3 61. Rg3+ Bc3 62. d6 a2 63. d7 a1=Q 64. d8=Q Qh1+ 65.
Rh6 Qe4+ 66. Kg8 b5 67. Qd1+ Kb4 68. Qd8 Kb3 69. Rhg6 Qe5 70. Rh3 Qe4 71. Rhh6
b4 72. Rg3 Nd2 73. Rgg6 Kb2 74. Qd7 Qa8+ 75. Kf7 Nf3 76. Rh5 Qa2+ 77. Ke7 Nd2
78. Rg2 Kc2 79. Rd5 Kc1 80. Rg1+ Kc2 81. Rg6 Qa1 82. Rc6 Qe1+ 83. Kd8 Qh4+ 84.
Kc8 Qf4 85. Kb7 Qe3 86. Qh7+ Kb2 87. Rd3 Qg5 88. Qd7 Nb3 89. Rd5 Qe3 90. Kc8
Nd4 91. Rg6 Nc2 92. Rg4 Qf3 93. Rc4 Qe2 94. Rd3 Qe5 95. Kb7 Na3 96. Rg4 Nc2 97.
Rdg3 Nd4 98. Rg2+ Nc2 99. Qc6 Qe3 100. Re4 Qd3 101. Rf4 Qh7+ 102. Ka6 Qd3+ 103.
Kb7 Qh7+ 104. Kb6 Qd3 105. Re4 Qd8+ 106. Ka6 Qd3+ 107. Kb7 b3 108. Rc4 Qh7+
109. Ka6 Qd3 110. Kb7 Qh7+ 111. Kb6 Qh8 112. Qd6 Qa8 113. Rg5 Qh8 114. Kb7 Qh7+
115. Rc7 Qe4+ 116. Qc6 Qd3 117. Rc5 Bd4 118. Rb5 Bh8 119. Rd7 Qc3 120. Qd5 Ne3
121. Qe4 Nc2 122. Rd3 Qg7+ 123. Ka6 Nd4 124. Rb6 Qg1 125. Rd2+ Ka3 126. Qe7+
1-0

[Event "BL 0809 SC Eppingen - Werder Bremen"]
[Site "?"]
[Date "2009.02.28"]
[Round "12.3"]
[White "Efimenko, Zahar"]
[Black "Gyimesi, Zoltan"]
[Result "1-0"]
[WhiteElo "2680"]
[BlackElo "2592"]
[PlyCount "99"]
[EventDate "2009.??.??"]

1. e4 c6 2. d4 d5 3. e5 Bf5 4. c4 e6 5. Nc3 Ne7 6. Nge2 Nd7 7. Nf4 dxc4 8. Bxc4
Nb6 9. Bb3 Ned5 10. Ncxd5 cxd5 11. g4 Be4 12. f3 Qh4+ 13. Ke2 Bg6 14. Be3 O-O-O
15. Qc1+ Kd7 16. Nxg6 hxg6 17. Bg5 Qh3 18. Bxd8 Qg2+ 19. Ke3 Kxd8 20. Qd2 Qh3
21. Rag1 Be7 22. Qg2 Bg5+ 23. Ke2 Qxg2+ 24. Rxg2 Rh3 25. Rgg1 Ke7 26. Kf2 Bf4
27. g5 Nd7 28. Rg4 Bd2 29. Kg2 Rh5 30. h4 Rh8 31. Rd1 Ba5 32. Rc1 b5 33. Kh3
Bb6 34. a4 a6 35. Rc6 Rb8 36. Bd1 Ra8 37. Kg2 Bd8 38. b3 bxa4 39. bxa4 Rb8 40.
Rxa6 Rb2+ 41. Kf1 Rb4 42. Be2 Rb1+ 43. Kf2 Rb2 44. Ke3 Rb3+ 45. Kd2 Rb2+ 46.
Kd1 Rb4 47. Ra7 Bb6 48. Rb7 Rxa4 49. Rxd7+ Kxd7 50. Bb5+ 1-0

[Event "BL 0809 SC Eppingen - Werder Bremen"]
[Site "?"]
[Date "2009.02.28"]
[Round "12.7"]
[White "Roiz, Michael"]
[Black "Medvegy, Zoltan"]
[Result "1-0"]
[WhiteElo "2677"]
[BlackElo "2556"]
[PlyCount "69"]
[EventDate "2009.??.??"]

1. d4 Nf6 2. c4 e6 3. Nf3 b6 4. g3 Bb7 5. Bg2 Be7 6. Nc3 Ne4 7. Bd2 O-O 8. d5
f5 9. Qc2 exd5 10. Nxd5 Nc6 11. Rd1 a5 12. O-O Bf6 13. Qb1 Re8 14. Be3 d6 15.
Nd2 Nc5 16. b3 g6 17. Nxf6+ Qxf6 18. Bd5+ Kg7 19. Nf3 Rxe3 20. fxe3 Re8 21. Nh4
Qe5 22. g4 Qxe3+ 23. Kh1 Ne4 24. Qa1+ Re5 25. Nf3 Nf6 26. Nxe5 dxe5 27. Bg2
Nxg4 28. Rd7+ Kf6 29. Qe1 Nb8 30. Qh4+ g5 31. Qxg4 Bxg2+ 32. Kxg2 Nxd7 33.
Qxf5+ Ke7 34. Qxh7+ Kd8 35. Qd3 1-0

[Event "BL 0809 SC Eppingen - Werder Bremen"]
[Site "?"]
[Date "2009.02.28"]
[Round "12.8"]
[White "Guliyev, Namig"]
[Black "Nyback, Tomi"]
[Result "1/2-1/2"]
[WhiteElo "2521"]
[BlackElo "2639"]
[PlyCount "88"]
[EventDate "2009.??.??"]

1. e4 e5 2. Nf3 Nc6 3. Bb5 a6 4. Ba4 Nf6 5. O-O Be7 6. Re1 b5 7. Bb3 d6 8. c3
O-O 9. h3 Na5 10. Bc2 d5 11. d4 dxe4 12. Nxe5 c5 13. Bg5 Bb7 14. Nd2 cxd4 15.
cxd4 Re8 16. Bxf6 Bxf6 17. Nxe4 Bxe5 18. dxe5 Rxe5 19. Qxd8+ Rxd8 20. Nd6 Rxe1+
21. Rxe1 Bd5 22. Nf5 Bxa2 23. Ra1 Nc6 24. Rxa2 Nb4 25. Ra3 Nxc2 26. Rxa6 g6 27.
Rd6 Rxd6 28. Nxd6 Nd4 29. f4 Ne2+ 30. Kf1 Nxf4 31. Nxb5 Kg7 32. Nd6 Kf6 33. b4
Ke6 34. Ne4 h6 35. b5 Nd5 36. Kf2 f5 37. Nd2 Nb6 38. Ke3 Kd5 39. Kf4 Kd6 40.
Nb3 Nd5+ 41. Kf3 Nc3 42. Nd4 Kc5 43. Nxf5 gxf5 44. Kf4 Nd5+ 1/2-1/2

[Event "BL 0809 OSC Baden Baden - Turm Emsdette"]
[Site "?"]
[Date "2009.02.28"]
[Round "12.3"]
[White "Spoelman, Wouter"]
[Black "Adams, Michael"]
[Result "1/2-1/2"]
[WhiteElo "2459"]
[BlackElo "2734"]
[PlyCount "86"]
[EventDate "2009.??.??"]

1. e4 e5 2. Nf3 Nc6 3. Bc4 Nf6 4. d3 Be7 5. O-O O-O 6. Re1 d6 7. a4 Kh8 8. h3
Ng8 9. Nc3 f5 10. Nd5 Bf6 11. b4 h6 12. Bb2 fxe4 13. dxe4 Nce7 14. b5 Nxd5 15.
Qxd5 Ne7 16. Qd2 Ng6 17. a5 a6 18. bxa6 bxa6 19. Qd5 Bd7 20. Bc1 Qc8 21. Be3
Be7 22. Nd2 Qd8 23. Qd3 Bg5 24. Bxa6 Bxe3 25. Rxe3 Nf4 26. Qf1 Nxg2 27. Kxg2
Qg5+ 28. Kh1 Rxa6 29. Nf3 Qh5 30. Qxa6 Rxf3 31. Qd3 Qxh3+ 32. Kg1 Qg4+ 33. Kf1
Rxe3 34. fxe3 Bc6 35. a6 Bxe4 36. Qe2 Bf3 37. Qf2 Qc4+ 38. Kg1 Qg4+ 39. Kf1 Kh7
40. a7 Qc4+ 41. Kg1 Qg4+ 42. Kf1 Qc4+ 43. Kg1 Qg4+ 1/2-1/2

[Event "BL 0809 OSC Baden Baden - Turm Emsdette"]
[Site "?"]
[Date "2009.02.28"]
[Round "12.6"]
[White "Harikrishna, Pentala"]
[Black "Kabatianski, Alexandr"]
[Result "1-0"]
[WhiteElo "2659"]
[BlackElo "2436"]
[PlyCount "79"]
[EventDate "2009.??.??"]

1. d4 Nf6 2. c4 e6 3. Nf3 b6 4. e3 Bb7 5. Bd3 d5 6. O-O Nbd7 7. cxd5 exd5 8.
Nc3 Bd6 9. Qc2 c6 10. e4 dxe4 11. Nxe4 Nxe4 12. Bxe4 Qc7 13. Re1 O-O-O 14. Bg5
f6 15. Bh4 Kb8 16. Rac1 Rc8 17. Bf5 Rcd8 18. Re6 Ka8 19. Bg3 Bxg3 20. hxg3 Nb8
21. Rce1 g6 22. Re7 Nd7 23. Bd3 Qc8 24. Qe2 Nb8 25. Bc4 Rd6 26. Rf7 Qf5 27. Qe7
Rd7 28. Qxf6 Qxf6 29. Rxf6 Rhd8 30. Kh2 a5 31. a3 Ka7 32. b4 axb4 33. axb4 b5
34. Be6 Re7 35. d5 cxd5 36. Ra1+ Na6 37. Nd4 Rde8 38. Bxd5 Bxd5 39. Raxa6+ Kb8
40. Nxb5 1-0

[Event "BL 0809 OSC Baden Baden - Turm Emsdette"]
[Site "?"]
[Date "2009.02.28"]
[Round "12.7"]
[White "Zumsande, Martin"]
[Black "Naiditsch, Arkadij"]
[Result "1/2-1/2"]
[WhiteElo "2411"]
[BlackElo "2678"]
[PlyCount "82"]
[EventDate "2009.??.??"]

1. e4 e5 2. Nf3 Nc6 3. d4 exd4 4. Nxd4 Bc5 5. Nxc6 Qf6 6. Qf3 dxc6 7. Bc4 Ne7
8. Qxf6 gxf6 9. Bf4 Bb6 10. Nd2 Ng6 11. Bg3 h5 12. h4 Ne5 13. Be2 Be6 14. Bxe5
fxe5 15. Nc4 f6 16. Nxb6 axb6 17. Kd2 Ke7 18. Ke3 b5 19. a3 c5 20. c3 c4 21.
Rad1 c5 22. Rd2 Ra6 23. f4 b4 24. axb4 cxb4 25. f5 bxc3 26. bxc3 Bd7 27. Bxc4
Ra3 28. Rc1 b5 29. Ra2 b4 30. Rxa3 bxa3 31. Bd5 Rc8 32. c4 Bc6 33. Ra1 Bxd5 34.
exd5 Ra8 35. c5 a2 36. Kd3 Ra4 37. Kc3 e4 38. Kb3 Ra8 39. Kc3 e3 40. Kd3 Ra3+
41. Ke2 Kd7 1/2-1/2

[Event "BL 0809 OSC Baden Baden - Turm Emsdette"]
[Site "?"]
[Date "2009.02.28"]
[Round "12.8"]
[White "Dautov, Rustem"]
[Black "Bosman, Michiel"]
[Result "1-0"]
[WhiteElo "2601"]
[BlackElo "2346"]
[PlyCount "69"]
[EventDate "2009.??.??"]

1. d4 d6 2. Nf3 Bg4 3. c4 g6 4. g3 Bxf3 5. exf3 Bg7 6. Nc3 Nd7 7. Bg2 e6 8. d5
Bxc3+ 9. bxc3 e5 10. O-O Ne7 11. f4 exf4 12. Bxf4 O-O 13. Bh6 Re8 14. g4 Nc8
15. g5 f5 16. Qd4 Re7 17. Rae1 Ncb6 18. Re2 Nc5 19. Rfe1 Rf7 20. h4 Nbd7 21. h5
Nf8 22. f4 Qd7 23. Bf3 a6 24. Kh2 Rd8 25. Bxf8 Rdxf8 26. Re6 Rg7 27. R6e2 Qd8
28. Re3 Nd7 29. R3e2 Nc5 30. Kg3 Nd7 31. Rh1 Re8 32. Reh2 Nf8 33. hxg6 hxg6 34.
Qf6 Nh7 35. Qxg7+ 1-0

[Event "BL 0809 Hamburger SK - SC Remagen"]
[Site "?"]
[Date "2009.02.28"]
[Round "12.4"]
[White "Hansen, Sune Berg"]
[Black "Mainka, Romuald"]
[Result "0-1"]
[WhiteElo "2543"]
[BlackElo "2482"]
[PlyCount "164"]
[EventDate "2009.??.??"]

1. d4 d5 2. c4 c6 3. Nf3 Nf6 4. Nc3 dxc4 5. a4 e6 6. e4 Bb4 7. e5 Nd5 8. Bd2
Bxc3 9. bxc3 b5 10. Ng5 h6 11. Ne4 O-O 12. Qh5 Nd7 13. h4 f5 14. Nd6 N7f6 15.
exf6 Nxf6 16. Qf3 Qxd6 17. axb5 Bb7 18. Bf4 Qd7 19. bxc6 Bxc6 20. Qd1 Nd5 21.
Be5 Nxc3 22. Qc2 Ne4 23. Bxc4 Bb5 24. Ba2 Rac8 25. Qb2 Bc4 26. Bxc4 Rxc4 27.
O-O Rc6 28. Ra5 a6 29. Qa1 Nd2 30. Rxa6 Rxa6 31. Qxa6 Nxf1 32. Qxf1 Qc6 33. Qd3
Rf7 34. Qg3 Kh7 35. Kh2 Rb7 36. h5 Qe8 37. Qh3 Qf7 38. f4 Rd7 39. Qf3 Rb7 40.
Qh3 Rb5 41. Kg1 Rb1+ 42. Kh2 Rc1 43. Qf3 Rc8 44. Kg1 Rg8 45. Kh2 g6 46. hxg6+
Rxg6 47. Qa8 Rg8 48. Qf3 Rc8 49. Kg1 Qd7 50. Kh2 Rg8 51. Qh5 Rg6 52. Qh4 Kg8
53. Qf2 Qb7 54. Qc2 Rg4 55. Qf2 Kh7 56. Qc2 Kg6 57. Qf2 Qe4 58. g3 Qd3 59. Qg2
h5 60. Qf2 Qb3 61. Bd6 Kf7 62. d5 h4 63. gxh4 Qxd5 64. Be5 Kg6 65. Bb2 Kh5 66.
Bf6 Qe4 67. Bg5 Qd3 68. Bf6 Rg8 69. Be7 Rc8 70. Bc5 Qc4 71. Qf3+ Kh6 72. Bf2
Rg8 73. Bg3 Qd5 74. Qc3 Qd8 75. Kh3 Qe7 76. Qe3 Qf6 77. Kh2 Qg6 78. Qb3 Kh5 79.
Qf3+ Qg4 80. Qd3 Ra8 81. Qc3 Qe2+ 82. Kg1 Ra2 0-1

[Event "BL 0809 Hamburger SK - SC Remagen"]
[Site "?"]
[Date "2009.02.28"]
[Round "12.5"]
[White "Popovic, Petar"]
[Black "Mueller, Karsten Dr"]
[Result "1/2-1/2"]
[WhiteElo "2489"]
[BlackElo "2517"]
[PlyCount "33"]
[EventDate "2009.??.??"]

1. e4 d5 2. exd5 Qxd5 3. Nc3 Qa5 4. d4 Nf6 5. Nf3 Bf5 6. Bd2 c6 7. Ne4 Qb6 8.
Nxf6+ gxf6 9. b3 Nd7 10. Be2 Rg8 11. c3 e5 12. Be3 Qa5 13. O-O Qxc3 14. Rc1 Qa5
15. dxe5 fxe5 16. Ng5 Be7 17. h4 1/2-1/2

[Event "BL 0809 Hamburger SK - SC Remagen"]
[Site "?"]
[Date "2009.02.28"]
[Round "12.6"]
[White "Heinemann, Thies"]
[Black "Boidman, Yuri"]
[Result "0-1"]
[WhiteElo "2490"]
[BlackElo "2415"]
[PlyCount "74"]
[EventDate "2009.??.??"]

1. e4 c5 2. Nf3 d6 3. d4 cxd4 4. Nxd4 Nf6 5. Nc3 Nc6 6. Bg5 e6 7. Qd2 a6 8.
O-O-O Bd7 9. f4 b5 10. Qe1 Nxd4 11. Rxd4 Qb6 12. Rd2 b4 13. Nd1 Be7 14. Bd3 Bc6
15. Ne3 Qd4 16. Bb5 Qc5 17. Bxc6+ Qxc6 18. Bxf6 Bxf6 19. Nd5 Bd8 20. Nxb4 Qc4
21. c3 a5 22. Rd4 Qb5 23. Nd3 O-O 24. Qd1 Bb6 25. Rxd6 Rad8 26. a4 Qc4 27. e5
Bc7 28. Rxd8 Rxd8 29. Kc2 Qxa4+ 30. b3 Qa2+ 31. Kc1 a4 32. bxa4 Ba5 33. Rf1 Rc8
34. Rf2 Rxc3+ 35. Qc2 Qa1+ 36. Kd2 Rxc2+ 37. Kxc2 Qc3+ 0-1

[Event "BL 0809 Hamburger SK - SC Remagen"]
[Site "?"]
[Date "2009.02.28"]
[Round "12.7"]
[White "Polaczek, Richard"]
[Black "Reeh, Oliver"]
[Result "0-1"]
[WhiteElo "2419"]
[BlackElo "2429"]
[PlyCount "66"]
[EventDate "2009.??.??"]

1. d4 Nf6 2. Nc3 g6 3. e4 d6 4. Be3 Bg7 5. h3 O-O 6. Nf3 a6 7. Bd3 Nc6 8. Qd2
e5 9. dxe5 dxe5 10. O-O-O Be6 11. Ng5 Qe7 12. Nxe6 Qxe6 13. Nd5 Nxd5 14. Bc4
Nxe3 15. Bxe6 Nxd1 16. Bd5 Nxb2 17. Kxb2 Nd4 18. c3 Nb5 19. h4 Nd6 20. h5 c6
21. Bb3 Nxe4 22. Qe3 Nf6 23. hxg6 hxg6 24. Qb6 Rab8 25. Rd1 e4 26. Qc7 Nd5 27.
Rxd5 cxd5 28. Bxd5 Rbe8 29. Bxb7 e3 30. fxe3 Rxe3 31. Kb1 Rxc3 32. Qb6 Re8 33.
Qa7 Rc7 0-1

[Event "BL 0809 Hamburger SK - SC Remagen"]
[Site "?"]
[Date "2009.02.28"]
[Round "12.8"]
[White "Huschenbeth, Niclas"]
[Black "Schulz, Klaus-Juergen"]
[Result "1-0"]
[WhiteElo "2417"]
[BlackElo "2379"]
[PlyCount "101"]
[EventDate "2009.??.??"]

1. e4 e5 2. Nf3 Nc6 3. Bb5 a6 4. Bxc6 dxc6 5. O-O Bg4 6. h3 h5 7. d3 Qf6 8.
Nbd2 Ne7 9. Nc4 Bxf3 10. Qxf3 Qxf3 11. gxf3 Ng6 12. Rd1 c5 13. Kf1 Bd6 14. Ke2
Nf8 15. f4 exf4 16. Nxd6+ cxd6 17. Bxf4 Ke7 18. Bh2 Ne6 19. c3 Rad8 20. f4 f5
21. exf5 Nc7 22. Rg1 Kf7 23. Rg6 Nd5 24. Rag1 Rh7 25. R6g5 Ne7 26. Bg3 h4 27.
Be1 Kf6 28. c4 Nxf5 29. Bc3+ Ke6 30. Kf3 Ng3 31. Bxg7 Rg8 32. Bc3 Rxg5 33. fxg5
Kf5 34. Be1 Kxg5 35. Bxg3 hxg3 36. Kxg3 Kf5 37. Rf1+ Ke5 38. h4 Rg7+ 39. Kh3
Kd4 40. Rf3 b5 41. b3 b4 42. h5 Kc3 43. Kh4 Kb2 44. h6 Rd7 45. Rf2+ Kc3 46. Kg5
d5 47. cxd5 Kxd3 48. Kg6 c4 49. bxc4 Kxc4 50. h7 Rd8 51. Kg7 1-0

[Event "BL 0809 Schachfr. Berlin - SG Turm Trie"]
[Site "?"]
[Date "2009.02.28"]
[Round "12.1"]
[White "Parligras, Mircea"]
[Black "Markos, Jan"]
[Result "1/2-1/2"]
[WhiteElo "2611"]
[BlackElo "2557"]
[PlyCount "101"]
[EventDate "2009.??.??"]

1. e4 c5 2. Nf3 Nc6 3. Nc3 Nf6 4. d4 cxd4 5. Nxd4 e5 6. Ndb5 d6 7. Bg5 a6 8.
Na3 b5 9. Nd5 Be7 10. Bxf6 Bxf6 11. c4 b4 12. Nc2 O-O 13. Be2 a5 14. O-O g6 15.
Bg4 Bb7 16. Qd3 Bg7 17. a3 bxa3 18. Rxa3 Nd4 19. Nxd4 exd4 20. Rfa1 Re8 21. g3
Bc6 22. Kg2 Rb8 23. b3 Ra8 24. R1a2 h5 25. Bf3 h4 26. Qd2 hxg3 27. hxg3 Rb8 28.
Qd3 Ra8 29. Ra1 Bf6 30. Qd2 Rb8 31. Qd3 Ra8 32. Qd2 Rb8 33. Rb1 Bxd5 34. exd5
Rb4 35. Qa2 d3 36. Rd1 Bd4 37. Rxd3 Bb6 38. Qd2 Qf6 39. Bg4 Kg7 40. Rf3 Qe5 41.
Bd7 Re7 42. Ba4 Bc5 43. Ra2 Rb8 44. Qf4 Ra8 45. Qxe5+ Rxe5 46. Bd7 Rh5 47. Rf4
Rhh8 48. Rh4 Rxh4 49. gxh4 Rb8 50. Rxa5 Rxb3 51. Ra2 1/2-1/2